| 000 | 00000cam 2200000zi 4500 |
| 001 | 9.963083 |
| 003 | CaOODSP |
| 005 | 20260526111214 |
| 006 | m o d f |
| 007 | cr bn||||||||| |
| 008 | 260526e200111##onc o f000 0 fre d |
| 040 | |aCaOODSP|bfre|erda|cCaOODSP |
| 043 | |an-cn--- |
| 086 | 1 |aT52-4/288-2001F-PDF |
| 245 | 00|aGuide des compétences : |bavion complexe. |
| 250 | |aPremière édition. |
| 264 | 1|a[Ottawa] : |bTransports Canada, Sécurité et sûreté, Aviation civile = Transport Canada, Safety and Security, Civil Aviation, |cnovembre 2001. |
| 300 | |a1 ressource en ligne (14 pages, 1 page non numérotée) |
| 336 | |atexte|btxt|2rdacontent/fre |
| 337 | |ainformatique|bc|2rdamedia/fre |
| 338 | |aressource en ligne|bcr|2rdacarrier/fre |
| 500 | |aPublié aussi en anglais sous le titre : Competency guide: complex aeroplane. |
| 500 | |a« TP13615F. » |
| 520 | |a« La présente référence établit les compétences exigées concernant les avions complexes dans le cadre des cours intégrés CPL(A) et CPL(A)/IR de formation des pilotes. On peut trouver la description et l'explication détaillées des exercices en se référant aux exercices correspondants dans le Manuel de pilotage, numéro de catalogue T52-14/1998F, publié avec l'autorisation de Transports Canada. Les compétences sur les avions complexes sont déterminées par les instructeurs vérificateurs nommés par l'unité de formation au pilotage. La certification de compétences est consignée dans les dossiers de formation de l'élève. Lorsque le test en vol en vue de l'obtention d'une licence de pilote professionnel est effectué sur un avion complexe ou qu'une qualification sur multimoteurs est obtenue, aucune mention distincte des compétences sur les avions complexes n'est exigée. » |
| 650 | 6|aAvions|xPilotage|xÉtude et enseignement|zCanada. |
| 650 | 6|aVol|xInstruction|zCanada. |
| 650 | 6|aPilotes d'aéronef|xFormation|zCanada. |
| 650 | 6|aPilotes d'aéronef|xAttestation de compétence|zCanada. |
| 710 | 1 |aCanada. |bTransports Canada. |bSécurité et sûreté, |eorganisme de publication. |
| 710 | 1 |aCanada. |bAviation civile, |eorganisme de publication. |
| 775 | 08|tCompetency guide : |w(CaOODSP)9.961537 |
| 856 | 40|qPDF|s57.70 Ko|uhttps://publications.gc.ca/collections/collection_2026/tc/T52-4-288-2001-fra.pdf |
| 856 | 4 |qHTML|sS.O.|uhttps://tc.canada.ca/fr/aviation/publications/guide-competences-avion-complexe-tp-13615 |
| 986 | |aTP13615F |